[Event "TUR-ch U13-U18"]
[Site "Antalya"]
[Date "2020.01.19"]
[Round "1"]
[White "Oznur, Muhammed Ali"]
[Black "Ozdemir, Serhan Berat"]
[Result "0-1"]
[WhiteElo "1405"]
[BlackElo "2139"]
[PlyCount "46"]
[EventDate "2020.01.19"]
[EventType "swiss"]
[EventRounds "11"]
[EventCountry "TUR"]
[SourceTitle "CBM 195 Extra"]
[Source "ChessBase"]
[SourceDate "2020.05.31"]
[SourceVersion "1"]
[SourceVersionDate "2020.05.31"]
[SourceQuality "1"]

1. e4 c5 2. Nf3 e6 3. d4 cxd4 4. Nxd4 Nf6 5. Bd3 Nc6 6. Nxc6 dxc6 7. 0-0 e5 8. Nc3 Be7 9. Bc4 Qc7 10. Qe2 0-0 11. Bb3 Nd7 12. Be3 Nc5 13. Bxc5 Bxc5 14. Rad1 Bd4 15. Qf3 a5 16. a4 Qe7 17. Rfe1 Kh8 18. Qd3 Bg4 19. Rd2 Rad8 20. Qg3 Be6 21. Bxe6 fxe6 22. Ree2 Qb4 23. Rd3 Bxc3 0-1